000 00893nam a2200277 a 4500
003 DO-SdBNP
005 20250429115422.0
007 ta
008 190411s2017 dr 000 0 spa d
020 _a9789945600469
040 _aDO-SdBNP
_bspa
_cBNPHU
082 4 _222
_a158.1
_bS352e, 2017
100 1 _aCastillo, Waldo
_976264
245 1 0 _aEmprende ahora :
_bel mundo está delante de ti, !sal a conquistarlo¡ /
_cWaldo Castillo.
250 _a2a. ed.
260 _aSanto Domingo :
_bSantuario,
_c2017.
300 _a82 p. ;
_c23 cm.
500 _aIncluye datos biografícos del autor en la solapa de la cubierta
504 _aBibliografía : p 81-82
590 _aInventariado, 2021/ LP
650 0 _aÉxito
_9394
650 4 _aSuperación personal
_910825
650 4 _aTécnicas de autoayuda
_9387
910 _aLopérez/Validado. Control de calidad MFF
942 _2ddc
_cLBS1
999 _c50802
_d50802